[Event "Loosdorf op"]
[Site "Loosdorf"]
[Date "1993.??.??"]
[Round "8"]
[White "Gallagher, Joseph G"]
[Black "Zvjaginsev, Vadim"]
[Result "0-1"]
[WhiteElo "2515"]
[BlackElo "2455"]

1.e4 e6 2.d4 d5 3.exd5 exd5 4.Nf3 Nf6 5.h3 Bf5 6.Bd3 Bxd3 7.Qxd3 Bd6 8.O-O O-O
9.Bg5 h6 10.Bh4 Re8 11.Nbd2 Nbd7 12.Rae1 c6 13.Rxe8+ Qxe8 14.Re1 Qf8 15.c3 Re8
16.Rxe8 Qxe8 17.b4 g5 18.Bg3 Bxg3 19.fxg3 Qe6 20.a4 Nh5 21.Nf1 Ndf6 22.Ne5 Ne4
23.Qf3 Ng7 24.g4 f6 25.Nd3 b6 26.Nf2 Nxf2 27.Kxf2 Ne8 28.Ne3 Nd6 29.Nf5 Ne4+
30.Kg1 Kh7 31.Qd3 h5 32.Kh2 Kg8 33.Qa6 Qd7 34.Qd3 Qc7+ 35.g3 h4 36.Kg2 hxg3
37.Nxg3 Qf4 38.Nxe4 dxe4 39.Qc4+ Kg7 40.Qxc6 Qf3+ 41.Kh2 Qf4+ 42.Kh1 Qf1+
43.Kh2 e3 44.Qd7+ Kh6 45.Qf7 Qf4+ 46.Kh1 Qe4+ 47.Kg1 Qb1+ 48.Kg2 Qc2+ 49.Kf3 Qf2+
50.Ke4  0-1

[Event "Loosdorf op"]
[Site "Loosdorf"]
[Date "1993.??.??"]
[Round "9"]
[White "Zvjaginsev, Vadim"]
[Black "Gleizerov, Evgeny"]
[Result "1/2-1/2"]
[WhiteElo "2455"]
[BlackElo "2525"]

1.Nf3 c5 2.c4 b6 3.g3 Bb7 4.Bg2 g6 5.O-O Bg7 6.Nc3 Nf6 7.d4 cxd4 8.Qxd4 d6
9.Be3 Nbd7 10.Rac1 O-O 11.Qd2 Rc8 12.b3 Re8 13.Rfd1 a6 14.Bh3 Rb8 15.Nd4 Nc5
16.Qe1 Nfe4 17.Nxe4 Nxe4 18.b4 Ba8 19.f3 Nf6 20.Bf2 Qc7 21.e4 e6 22.Bf1 Nd7
23.Nb3 f5 24.c5 bxc5 25.bxc5 d5 26.Qd2 Ne5 27.Nd4 dxe4 28.f4 Ng4 29.Nxe6 Rxe6
30.Bc4 e3 31.Bxe6+ Kf8 32.Bxe3 Qc6 33.Qd6+ Qxd6 34.Rxd6 Nxe3 35.c6 Rb2 36.Bb3 Ng4
37.Rd8+ Ke7 38.Rd7+ Ke8 39.Re1+ Be5 40.Bd5 Rc2 41.Rd6 Ke7 42.Re6+ Kd8 43.fxe5 Kc7
44.Rb1 Bxc6 45.Re7+ Kd8 46.Rxh7 Bxd5 47.Rb8+ Rc8 48.Rh8+ Ke7 49.Rbxc8 Nxe5
50.a3 Nc4 51.Rc7+ Kd6 52.Rg7 Ne5 53.Ra7 Bc4 54.Kf2 Bb5 55.h4 Ng4+ 56.Kf3 Ke5
57.Re7+ Kf6 58.Rc7 Ne5+ 59.Kf4 Nd3+ 60.Ke3 Ne5 61.Kd4 Nf3+ 62.Kd5  1/2-1/2

[Event "Rostov op"]
[Site "Rostov"]
[Date "1993.??.??"]
[Round "?"]
[White "Kovalevskaya, Ekaterina"]
[Black "Zvjaginsev, Vadim"]
[Result "1/2-1/2"]
[WhiteElo "2270"]
[BlackElo "2445"]

1.e4 c5 2.Nf3 e6 3.b3 d6 4.Bb2 Nf6 5.e5 dxe5 6.Nxe5 Nbd7 7.Na3 Nxe5 8.Bxe5 Bd6
9.Bb5+ Ke7 10.Bb2 Qc7 11.Be2 Bd7 12.Nc4 Bc6 13.Bf3 Rad8 14.d3 b6 15.Nxd6 Qxd6
16.O-O Bd5 17.Re1 Qf4 18.Re3 h5 19.Be5 Qf5 20.Qe1 Rh6 21.c4 Bxf3 22.Rxf3 Qh7
23.Bf4 Rg6 24.h3 h4 25.a4 Qh5 26.Qe3 Kf8 27.a5 b5 28.Be5 bxc4 29.bxc4 Nd7
30.Bc7 Rc8 31.Qf4 Kg8 32.Qxf7+ Kh7 33.Bd6 Rc6 34.Bh2 Qg5 35.g4 Nf6 36.Kh1 e5
37.Rf5 Qd2 38.Bxe5 Qxd3 39.Kh2 Qe4 40.Rg1 Ra6 41.Rg2 Qd3 42.Rf4 Qe2 43.Qe7 Nd7
44.Rf5 Nxe5 45.Rxe5 Qxc4 46.Qxh4+ Rh6 47.Qg3 Rhf6 48.g5 Rf8 49.Qe3 Qf4+ 50.Qxf4 Rxf4
51.Rxc5 Kg6 52.Kg3 Rf5 53.Rxf5 Kxf5 54.h4 Rxa5 55.f3 Ra1 56.Rc2 a5 57.Rc5+ Kg6
58.Rc6+ Kh5 59.Rc7 Kg6 60.f4 Rg1+ 61.Kf3 Rf1+ 62.Kg3 Rg1+ 63.Kf2  1/2-1/2

[Event "Rostov op"]
[Site "Rostov"]
[Date "1993.??.??"]
[Round "?"]
[White "Aseev, Konstantin N"]
[Black "Zvjaginsev, Vadim"]
[Result "1/2-1/2"]
[WhiteElo "2515"]
[BlackElo "2445"]

1.d4 d5 2.c4 e6 3.Nf3 Nf6 4.Nc3 c6 5.Bg5 h6 6.Bxf6 Qxf6 7.e3 g6 8.Be2 Bg7
9.O-O O-O 10.b4 dxc4 11.Bxc4 Nd7 12.Rc1 e5 13.Bb3 exd4 14.Nxd4 Re8 15.Qc2 Qd6
16.b5 c5 17.Nf3 c4 18.Bxc4 Nb6 19.Rfd1 Qa3 20.Bb3 Bf5 21.Qd2 Bg4 22.Ne2 Qe7
23.Qd6 Qxd6 24.Rxd6 Kf8 25.h3 Bd7 26.a4 Rec8 27.Rcd1 Be8 28.Nd2 Be5 29.Rd3 a6
30.Nf3 Bg7 31.Ned4 axb5 32.Nxb5 Nxa4 33.Nd6 Nb2 34.Nxc8 Rxc8 35.Rd8 Rc3 36.R1d7 Rxb3
37.Rc7 Rb6 38.Rb8 Nd3 39.Rbxb7 Rxb7 40.Rxb7  1/2-1/2

[Event "Rostov op"]
[Site "Rostov"]
[Date "1993.??.??"]
[Round "?"]
[White "Nalbandian, Tigran"]
[Black "Zvjaginsev, Vadim"]
[Result "0-1"]
[WhiteElo "2405"]
[BlackElo "2445"]

1.Nf3 c5 2.c4 g6 3.Nc3 Bg7 4.d4 cxd4 5.Nxd4 Nc6 6.Nc2 Bxc3+ 7.bxc3 Qa5 8.Qd3 d6
9.g3 Bf5 10.Qd2 Nf6 11.Nd4 Rc8 12.Bg2 Nxd4 13.Qxd4 Be6 14.Bxb7 Rxc4 15.Qd2 Bd5
16.Bxd5 Qxd5 17.O-O Qxd2 18.Bxd2 Kd7 19.Be3 Nd5 20.Rfb1 Nxe3 21.fxe3 Rhc8
22.Rb7+ R8c7 23.Rxc7+ Kxc7 24.Rc1 d5 25.Kf2 Kd6 26.Ke1 h5 27.Kd2 h4 28.Rf1 hxg3
29.hxg3 f5 30.Rf4 Kc5 31.Kd3 e5 32.Rh4 Rxh4 33.gxh4 Kb5 34.Kd2 Kc4 35.Kc2 f4
36.exf4 exf4 37.Kd2 d4 38.cxd4 Kxd4 39.a3 a6 40.Ke1 Ke3 41.a4 a5 42.Kf1 f3
43.Ke1 Kf4 44.exf3 Kxf3 45.Kf1 Kg4 46.Kf2 Kxh4  0-1

[Event "Rostov op"]
[Site "Rostov"]
[Date "1993.??.??"]
[Round "?"]
[White "Zvjaginsev, Vadim"]
[Black "Kharlov, Andrei"]
[Result "0-1"]
[WhiteElo "2445"]
[BlackElo "2570"]

1.Nf3 d6 2.d4 Bg4 3.c4 Bxf3 4.gxf3 c6 5.f4 g6 6.Bg2 Bg7 7.d5 cxd5 8.cxd5 Nf6
9.O-O O-O 10.Nd2 Na6 11.Rb1 Qd7 12.b4 Rfc8 13.Bb2 Qg4 14.e3 Qxd1 15.Rfxd1 Rc2
16.a3 Ng4 17.Bxg7 Kxg7 18.Bf3 Nf6 19.Nb3 Rac8 20.Nd4 Ra2 21.Ra1 Rxa1 22.Rxa1 Nb8
23.b5 Rc3 24.a4 a5 25.b6 Nbd7 26.Rb1 Rc4 27.Nc6 Rxa4 28.Rb5 Ra1+ 29.Kg2 a4
30.Nxe7 a3 31.e4 a2 32.Ra5 Kf8 33.Nc6 bxc6 34.dxc6 Nxb6 35.e5 dxe5 36.fxe5 Nfd5  0-1

[Event "Stockerau"]
[Site "Stockerau"]
[Date "1993.??.??"]
[Round "1"]
[White "Neubauer, Martin"]
[Black "Zvjaginsev, Vadim"]
[Result "0-1"]
[WhiteElo "2295"]
[BlackElo "2455"]

1.d4 d5 2.Nf3 c5 3.g3 cxd4 4.Nxd4 e5 5.Nb3 h6 6.Bg2 Nf6 7.O-O Be7 8.c4 d4
9.e3 d3 10.Nc3 Bg4 11.Qd2 Nc6 12.e4 a5 13.Rb1 a4 14.Na1 Bb4 15.Kh1 O-O 16.f3 Be6
17.b3 Qa5 18.Bb2 a3  0-1

[Event "Stockerau"]
[Site "Stockerau"]
[Date "1993.??.??"]
[Round "2"]
[White "Gyimesi, Zoltan"]
[Black "Zvjaginsev, Vadim"]
[Result "0-1"]
[WhiteElo "2390"]
[BlackElo "2455"]

1.d4 d5 2.Nf3 Nf6 3.Bf4 c6 4.c3 Bf5 5.e3 e6 6.Nbd2 Nbd7 7.Be2 h6 8.h3 Be7
9.O-O g5 10.Bh2 Rg8 11.Ne5 Nxe5 12.Bxe5 Bd6 13.Qb3 Rb8 14.Bxd6 Qxd6 15.Rfe1 h5
16.c4 h4 17.cxd5 exd5 18.Bd3 Be6 19.e4 Qf4 20.exd5 Nxd5 21.Nf3 g4 22.Nxh4 gxh3
23.Re4 Qf6 24.Rae1 hxg2 25.Bc4 Kd7 26.Bxd5 Bxd5 27.Re7+ Qxe7 28.Rxe7+ Kxe7
29.Qb4+ Ke6 30.f3 Rbe8 31.Qxb7 Rb8 32.Qc7 Rxb2  0-1

[Event "Stockerau"]
[Site "Stockerau"]
[Date "1993.??.??"]
[Round "5"]
[White "Zvjaginsev, Vadim"]
[Black "Rogozenko, Dorin"]
[Result "1/2-1/2"]
[WhiteElo "2455"]
[BlackElo "2500"]

1.d4 Nf6 2.c4 g6 3.Nc3 d5 4.Bg5 Ne4 5.Bf4 Nxc3 6.bxc3 Bg7 7.e3 O-O 8.Nf3 c5
9.cxd5 Qxd5 10.Be2 cxd4 11.cxd4 Qa5+ 12.Qd2 Qxd2+ 13.Kxd2 Nc6 14.Bb5 Bd7
15.Rab1 Rfd8 16.Rhc1 e5 17.Bxc6 Bxc6 18.Bxe5  1/2-1/2

[Event "Stockerau"]
[Site "Stockerau"]
[Date "1993.??.??"]
[Round "6"]
[White "Berzinsh, Roland"]
[Black "Zvjaginsev, Vadim"]
[Result "0-1"]
[WhiteElo "2370"]
[BlackElo "2455"]

1.e4 c5 2.Nc3 e6 3.Nge2 Nc6 4.g3 d5 5.exd5 exd5 6.Bg2 d4 7.Nd5 Nce7 8.Nxe7 Bxe7
9.O-O Nf6 10.d3 h6 11.h3 O-O 12.Nf4 Rb8 13.Re1 b6 14.Nh5 Bd6 15.Bf4 Bxf4
16.Nxf4 Qd6 17.Qe2 Bd7 18.Qe5 Qxe5 19.Rxe5 Rfe8 20.Rae1 Kf8 21.Kf1 g5 22.Rxe8+ Rxe8
23.Rxe8+ Kxe8 24.Ne2 Ke7 25.c3 dxc3 26.Nxc3 b5 27.a3 b4 28.Nd1 Kd6 29.Ne3 Be6
30.Ke2 a5 31.Kd2 Ke5 32.Nc2 Nd5 33.Ne1 Nb6 34.h4 f6 35.hxg5 fxg5 36.Nc2 Nd5
37.Ne1 Nb6 38.Nc2 Nd5 39.Ne1 Kd6 40.Nc2 h5 41.Bf1 h4 42.f4 h3 43.fxg5 h2
44.Bg2 Nf4 45.gxf4 Bd5 46.Ne3 Bxg2 47.Nf5+ Ke6 48.Ng3 h1=Q 49.Nxh1 Bxh1 50.axb4 axb4
51.Ke3 Kf5 52.d4 c4  0-1

[Event "Stockerau"]
[Site "Stockerau"]
[Date "1993.??.??"]
[Round "7"]
[White "Zvjaginsev, Vadim"]
[Black "Polak, Tomas"]
[Result "1-0"]
[WhiteElo "2455"]
[BlackElo "2410"]

1.d4 d5 2.c4 e6 3.Nc3 Nf6 4.Nf3 Be7 5.Bg5 h6 6.Bh4 O-O 7.e3 b6 8.Rc1 Bb7
9.Bxf6 Bxf6 10.cxd5 exd5 11.Bd3 Re8 12.O-O c6 13.Re1 Nd7 14.a3 Be7 15.Qa4 Bd6
16.e4 dxe4 17.Bxe4 Re6 18.Bf5 Rxe1+ 19.Rxe1 Nf6 20.Ne5 c5 21.dxc5 Bxc5 22.Qc4 Qc7
23.Nb5 Qe7 24.Nd3 Bd5 25.Qf4 Qb7 26.Nc7 Rd8 27.Nxc5 bxc5 28.Nxd5 Rxd5 29.Qf3 Qb8
30.g3 Qd6 31.Kg2 g6 32.Be6 Re5 33.Qxf6 Rxe6 34.Rxe6 Qd5+ 35.f3 Qxe6 36.Qxe6 fxe6
37.f4 Kf7 38.Kf3 Ke7 39.Ke4 Kd6 40.a4 h5 41.h3 a6 42.a5 Kc6 43.Ke5 Kb5 44.Kxe6 Kxa5
45.g4 hxg4 46.hxg4 Kb4 47.f5 gxf5 48.gxf5 Kb3 49.f6 Kxb2 50.f7 c4 51.f8=Q c3
52.Qb4+  1-0

[Event "Altensteig"]
[Site "Altensteig"]
[Date "1994.??.??"]
[Round "2"]
[White "Dautov, Rustem"]
[Black "Zvjaginsev, Vadim"]
[Result "1/2-1/2"]
[WhiteElo "2630"]
[BlackElo "2585"]

1.d4 d5 2.c4 e6 3.Nc3 Bb4 4.Nf3 Nf6 5.cxd5 exd5 6.Bg5 h6 7.Bh4 c5 8.e3 Nc6
9.Bb5 g5 10.Bg3 Ne4 11.O-O Bxc3 12.bxc3 O-O 13.Bxc6 bxc6 14.dxc5 Nxc5 15.Nd4 Qf6
16.Qc2 Ba6 17.Rfd1 Ne4  1/2-1/2

[Event "Altensteig"]
[Site "Altensteig"]
[Date "1994.??.??"]
[Round "3"]
[White "Zvjaginsev, Vadim"]
[Black "Bezold, Michael"]
[Result "1/2-1/2"]
[WhiteElo "2585"]
[BlackElo "2475"]

1.d4 d6 2.e4 Nf6 3.Nc3 g6 4.Nf3 Bg7 5.Be2 O-O 6.O-O a6 7.Re1 e6 8.e5 dxe5
9.Nxe5 Nfd7 10.Nf3 c5 11.Be3 cxd4 12.Nxd4 Qc7 13.Qd2 Ne5 14.Bh6 Nbc6 15.Bxg7 Kxg7
16.Nb3 b6 17.Ne4 Ne7 18.Bf1 Bb7 19.Qd6 Rfc8 20.Qxc7 Rxc7 21.Nd6 Nd7 22.Nd4 Nf8
23.Rad1 b5 24.b3 b4 25.Nxb7 Rxb7 26.g3 Rd7 27.Nf3 Rc7 28.Bc4 Nc8 29.Ne5 Nb6
30.Rd6 Nfd7 31.Nxd7  1/2-1/2

[Event "Altensteig"]
[Site "Altensteig"]
[Date "1994.??.??"]
[Round "6"]
[White "Zvjaginsev, Vadim"]
[Black "Hug, Werner"]
[Result "1-0"]
[WhiteElo "2585"]
[BlackElo "2445"]

1.e4 e6 2.d4 d5 3.e5 c5 4.c3 Nc6 5.Nf3 Nge7 6.Na3 cxd4 7.cxd4 Nf5 8.Nc2 Nb4
9.Ne3 Qc7 10.Bb5+ Bd7 11.Bxd7+ Qxd7 12.Nxf5 exf5 13.O-O Nc6 14.Re1 Be7 15.Bg5 O-O
16.Bxe7 Qxe7 17.Rc1 Rac8 18.Qb3 Qd7 19.Qa3 Qe7 20.Qd3 Qd7 21.h3 h6 22.Qa3 Qe7
23.Qb3 Qd7 24.Rc3 Na5 25.Qb4 Rxc3 26.Qxc3 Nc6 27.Qa3 Rc8 28.Re3 b6 29.Rc3 Ne7
30.Ne1 Rxc3 31.bxc3 f4 32.Qd6 Qxd6 33.exd6 Nc6 34.Nd3 g5 35.d7 a5 36.c4 dxc4
37.Ne5 Nd8 38.Nxc4 Kf8 39.Nxb6 Ke7 40.d5 Nb7 41.Kf1 Kd6 42.Nc4+ Kxd7 43.Ke2 Nc5
44.f3 Na6 45.Kd3 Nb4+ 46.Kd4 Nxa2 47.Nxa5 Nb4 48.Nc4 f6 49.Nd2 Nc2+ 50.Kc5 Ne3
51.Ne4 f5 52.Nf6+ Kd8 53.Ng8 h5 54.Kc6 Nc4 55.Nh6 g4 56.d6 Ne5+ 57.Kd5 gxf3
58.Kxe5 fxg2 59.Ke6 g1=Q 60.Nf7+ Kc8 61.d7+ Kb7 62.d8=Q Qe3+ 63.Kd7 Ka6 64.Nd6 Qe2
65.Qa8+ Kb6 66.Qd5 Ka6 67.Kc7 Qe7+ 68.Kc6 Qe2 69.Qc4+ Qxc4+ 70.Nxc4 f3 71.Nd2 f2
72.h4 Ka5 73.Kc5 Ka4 74.Kd4 Kb4 75.Nf1 Kb3 76.Ke5 Kc2 77.Kxf5 Kd3 78.Kg5 Ke4
79.Kxh5 Kf5 80.Nd2  1-0

[Event "Altensteig"]
[Site "Altensteig"]
[Date "1994.??.??"]
[Round "8"]
[White "Zvjaginsev, Vadim"]
[Black "Stangl, Markus"]
[Result "1/2-1/2"]
[WhiteElo "2585"]
[BlackElo "2535"]

1.d4 d5 2.c4 c6 3.e3 Nf6 4.Nc3 g6 5.Nf3 Bg7 6.Be2 O-O 7.h3 b6 8.O-O Bb7 9.cxd5 cxd5
10.Ne5 Nc6 11.f4 Nxe5 12.dxe5 Nd7 13.Nb5 Nc5 14.b3 f6 15.Bb2 fxe5 16.Bxe5 Bxe5  1/2-1/2

[Event "Altensteig"]
[Site "Altensteig"]
[Date "1994.??.??"]
[Round "11"]
[White "Gabriel, Christian"]
[Black "Zvjaginsev, Vadim"]
[Result "1/2-1/2"]
[WhiteElo "2545"]
[BlackElo "2585"]

1.c4 e6 2.g3 d5 3.Bg2 Nc6 4.cxd5 exd5 5.d4 Nce7 6.Nc3 c6 7.Nf3 Nf5 8.O-O Nf6
9.Rb1 a5 10.a3 Be7 11.b4 Nd6 12.Ne5 Bf5  1/2-1/2

[Event "Moscow ol (Men)"]
[Site "Moscow"]
[Date "1994.??.??"]
[Round "7"]
[White "Kveinys, Aloyzas"]
[Black "Zvjaginsev, Vadim"]
[Result "1/2-1/2"]
[WhiteElo "2510"]
[BlackElo "2585"]

1.e4 c5 2.Nf3 e6 3.Nc3 Nc6 4.Bb5 Nge7 5.O-O a6 6.Bxc6 Nxc6 7.d4 cxd4 8.Nxd4 d6
9.Re1 Bd7 10.Nxc6 bxc6 11.e5 d5 12.Bd2 c5 13.Qf3 Rb8 14.b3 Qh4 15.Bf4 Bc6
16.Bg3 Qh6 17.Ne2 Bb7 18.a3 Qd2 19.Qg4 d4 20.Nf4 h5 21.Nxh5 Qh6 22.Nf4 Be7
23.h3 Qg5 24.Qxg5 Bxg5 25.Nd3 Be7 26.f3 O-O 27.Bf2 Rfc8 28.Reb1 Bd5 29.Nf4 Bc6
30.h4 Rb7 31.Rd1 Rd8 32.Be1 Rc8 33.Kh2 Rb5 34.a4 Rb7 35.Kh3 Kh7 36.Kg4 Be8
37.h5 f6 38.Bh4 fxe5 39.Bxe7 exf4 40.Bd6 Rd7 41.Be5 Rd5 42.Kxf4 Bc6 43.Re1 Rf8+
44.Kg4 Rf5 45.f4 d3 46.c4 Rd7 47.Ra2 Rb7 48.Rb2 Bxa4 49.Re3 Bxb3 50.Rxd3 Rxe5
51.Rdxb3 Rxb3 52.Rxb3 Re4 53.Kg5 Rxc4 54.Re3 Rd4 55.Rxe6 a5 56.Ra6 Rd5+ 57.f5 c4
58.Rc6 a4 59.Rxc4 Ra5 60.Rc2 a3 61.Ra2 Ra6 62.g4  1/2-1/2

[Event "Moscow PCA-op rapid"]
[Site "Moscow"]
[Date "1994.??.??"]
[Round "8"]
[White "Huzman, Alexander"]
[Black "Zvjaginsev, Vadim"]
[Result "1-0"]
[WhiteElo "2575"]
[BlackElo "2545"]

1.Nf3 d5 2.d4 Nf6 3.c4 e6 4.Nc3 Bb4 5.cxd5 exd5 6.Bg5 h6 7.Bxf6 Qxf6 8.Qa4+ Nc6
9.e3 O-O 10.Be2 Be6 11.O-O a6 12.Rfd1 Rfd8 13.Ne5 Bxc3 14.Nxc6 Bd7 15.Qb3 Bxc6
16.Qxc3 Qd6 17.Rdc1 Rdc8 18.Qc5 Bd7 19.b4 Qxc5 20.bxc5 Kf8 21.Rab1 Bc6 22.Kf1 g5
23.Bd3 Ke7 24.Bf5 Rf8 25.f3 Rad8 26.Kf2 Kf6 27.Bd3 Kg7 28.h4 f6 29.Rh1 Rh8
30.Bf5 Rhf8 31.Rhd1 Rfe8 32.Rh1 Re7 33.Rb3 Ree8 34.g4 Re7 35.Rh2 Rde8 36.Rh1 Rd8
37.Rbb1 Rde8 38.Rbe1 Rd8 39.hxg5 fxg5 40.f4 gxf4 41.exf4 Rde8 42.Re5 Rxe5
43.fxe5 Re7 44.Kg3 Be8 45.Kf4 Rf7 46.e6 Re7 47.Ke5 Bc6 48.g5 hxg5 49.Rh6 Kf8
50.Kf6  1-0

[Event "Pamplona9495"]
[Site "Pamplona"]
[Date "1994.??.??"]
[Round "?"]
[White "Rivas Pastor, Manuel"]
[Black "Zvjaginsev, Vadim"]
[Result "1/2-1/2"]
[WhiteElo "2520"]
[BlackElo "2585"]

1.e4 c5 2.Nf3 Nc6 3.c3 e6 4.Be2 d5 5.d3 Nge7 6.Bf4 Ng6 7.Bg3 Bd6 8.Nbd2 O-O
9.O-O f5 10.exf5 exf5 11.Bxd6 Qxd6 12.Re1 Bd7 13.Bf1 Rae8 14.d4 c4 15.Rxe8 Rxe8
16.a4 a6 17.b3 b5 18.Qb1 Nd8 19.axb5 axb5 20.bxc4 dxc4 21.Qb2 Nf7 22.Qa3 Qxa3
23.Rxa3 Nf4 24.g3 Nd5 25.Bg2 b4 26.cxb4 c3 27.Nb3 Nxb4 28.Ra1 c2 29.Nc5 Bc6
30.Ne1 Bxg2 31.Kxg2 Nd6 32.Rc1 Re2 33.Ncd3 Nxd3 34.Nxd3 Nb5 35.d5 Rd2 36.Nb4 Na3
37.Kf3 Rd1 38.Na2 Rxd5 39.Ke2 Rb5 40.Nc3 Rb3 41.Nd5 Kf7 42.Ne3 f4 43.Nxc2  1/2-1/2

[Event "Pamplona9495"]
[Site "Pamplona"]
[Date "1994.??.??"]
[Round "?"]
[White "Franco Ocampo, Zenon"]
[Black "Zvjaginsev, Vadim"]
[Result "0-1"]
[WhiteElo "2490"]
[BlackElo "2585"]

1.c4 b6 2.Nc3 Bb7 3.d4 e6 4.a3 Nf6 5.Nf3 g6 6.Qc2 Bg7 7.e4 O-O 8.Be2 d5 9.cxd5 exd5
10.e5 Ne4 11.O-O c5 12.dxc5 bxc5 13.Bf4 Nd7 14.Rfd1 Nxc3 15.Qxc3 d4 16.Qe1 Re8
17.b4 Nxe5 18.Bxe5 Bxe5 19.bxc5 Qf6 20.Nxe5 Rxe5 21.Qd2 Rg5 22.Bf1 Rd8 23.Rac1 Bc6
24.Rc4 Rg4 25.h3 Rh4 26.f3 Rf4 27.Qf2 h5 28.Be2 h4 29.Rb4 g5 30.Rd2 Kg7 31.Bb5 Bxb5
32.Rxb5 Qc6 33.Qf1 Re8 34.Rd1 Re3 35.a4 g4 36.hxg4 h3 37.Rb2 hxg2 38.Rxg2 Rexf3
39.Qc4 Qe4  0-1

[Event "Pamplona9495"]
[Site "Pamplona"]
[Date "1994.??.??"]
[Round "?"]
[White "Magem Badals, Jorge"]
[Black "Zvjaginsev, Vadim"]
[Result "1/2-1/2"]
[WhiteElo "2520"]
[BlackElo "2585"]

1.e4 c5 2.Nf3 Nc6 3.d4 cxd4 4.Nxd4 Qc7 5.Nc3 e6 6.Be2 Nf6 7.O-O b6 8.Be3 Bb7
9.Ndb5 Qb8 10.a4 Bb4 11.f4 Ne7 12.Na2 a6 13.Nxb4 axb5 14.e5 Nfd5 15.Nxd5 Nxd5
16.Bd4 bxa4 17.c4  1/2-1/2

[Event "St Petersburg op2"]
[Site "St Petersburg"]
[Date "1994.??.??"]
[Round "1"]
[White "Zakharevich, Igor"]
[Black "Zvjaginsev, Vadim"]
[Result "1/2-1/2"]
[WhiteElo "2415"]
[BlackElo "2585"]

1.d4 d5 2.Nf3 Nf6 3.c4 e6 4.Nc3 Bb4 5.cxd5 exd5 6.Bg5 h6 7.Bxf6 Qxf6 8.Qb3 c5
9.a3 cxd4 10.axb4 dxc3 11.Qxc3 Nd7 12.Qxf6 Nxf6 13.Nd4 Ke7 14.e3 Be6 15.Bd3 Rhc8
16.Ke2 Nd7 17.Rhc1 a6 18.f4 Nb6 19.Rc5 Kd6 20.Rac1 Bg4+ 21.Kd2 Bd7 22.b3 g6
23.Be2 Rab8 24.Bf3 Bc6 25.Nxc6 bxc6 26.e4 Nd7 27.e5+ Ke7 28.Rxc6 Rxc6 29.Rxc6 Rxb4
30.g3 Rxb3 31.Bxd5 Rb5 32.Be4  1/2-1/2

[Event "St Petersburg op"]
[Site "St Petersburg"]
[Date "1994.??.??"]
[Round "1"]
[White "Zvjaginsev, Vadim"]
[Black "Karasev, Vladimir I"]
[Result "1-0"]
[WhiteElo "2545"]
[BlackElo "2405"]

1.d4 Nf6 2.c4 g6 3.Nc3 d5 4.Bg5 Ne4 5.Bf4 Nxc3 6.bxc3 Bg7 7.e3 O-O 8.Nf3 c5
9.cxd5 cxd4 10.cxd4 Qxd5 11.Be2 Qa5+ 12.Qd2 Qxd2+ 13.Kxd2 Bf5 14.Ne5 Bxe5
15.Bxe5 Nc6 16.g4 Be4 17.f3 Nxe5 18.fxe4 Nc6 19.Rhc1 Rfc8 20.e5 Rc7 21.Rc5 Rd8
22.Rac1 Rcd7 23.Bf3 Nb4 24.a3 Na6 25.Ra5 e6 26.Rb1 Kg7 27.Rxb7 Rxb7 28.Bxb7 Nb8
29.Kd3 Rd7 30.Bg2 Rc7 31.Rc5 Rxc5 32.dxc5 Kf8 33.Bb7  1-0

[Event "St Petersburg op2"]
[Site "St Petersburg"]
[Date "1994.??.??"]
[Round "2"]
[White "Zvjaginsev, Vadim"]
[Black "Cherepkov, Alexander V"]
[Result "1-0"]
[WhiteElo "2585"]
[BlackElo "2410"]

1.d4 Nf6 2.c4 e6 3.Nc3 d5 4.Nf3 Be7 5.Bg5 O-O 6.e3 h6 7.Bh4 Ne4 8.Bxe7 Qxe7
9.Rc1 Nxc3 10.Rxc3 c6 11.Be2 Nd7 12.O-O dxc4 13.Bxc4 b6 14.Qe2 c5 15.Ba6 cxd4
16.Nxd4 Bxa6 17.Qxa6 Nc5 18.Qe2 Qf6 19.Qf3 Qxf3 20.gxf3 a5 21.Nc6 f6 22.a3 a4
23.Rd1 Kf7 24.Rd6 Rfc8 25.Rc4 Rc7 26.Nd4 Rb7 27.Rb4 Ra6 28.Rb5 e5 29.Nf5 g6
30.Nxh6+ Ke7 31.Rc6 Nd7 32.Rd5 Ra5 33.Rdd6 Rb5 34.Ng8+ Kf7 35.Nxf6 Nf8 36.Rd2 Ne6
37.Ne4 Ke7 38.Rc4 Ra7 39.Nc3 Rb3 40.Rxa4 Rxa4 41.Nxa4 Ng5 42.Kg2 e4 43.fxe4  1-0

[Event "St Petersburg op2"]
[Site "St Petersburg"]
[Date "1994.??.??"]
[Round "4"]
[White "Zvjaginsev, Vadim"]
[Black "Prokopchuk, Evgeny"]
[Result "1-0"]
[WhiteElo "2585"]
[BlackElo "2435"]

1.d4 Nf6 2.Nf3 d6 3.Nc3 Nbd7 4.e4 e5 5.Bc4 Be7 6.O-O O-O 7.a4 c6 8.Ba2 h6
9.Re1 a5 10.h3 exd4 11.Nxd4 Re8 12.Nf5 Ne5 13.f4 Ng6 14.Nxe7+ Qxe7 15.Be3 Bd7
16.f5 Ne5 17.Qd2 d5 18.exd5 Bxf5 19.Qf2 Bg6 20.Bd4 Nfd7 21.dxc6 bxc6 22.Ne2 Qg5
23.Nf4 Re7 24.Re2 Kh8 25.Rae1 Rae8 26.Nxg6+ Qxg6 27.Bc3 f5 28.Kh1 Qf6 29.Bxa5 f4
30.Bc3 Qf5 31.Kg1 Rf8 32.Re4 Kh7 33.Bc4 f3 34.Bxe5 Nxe5 35.Rxe5  1-0

[Event "St Petersburg op"]
[Site "St Petersburg"]
[Date "1994.??.??"]
[Round "6"]
[White "Malaniuk, Vladimir P"]
[Black "Zvjaginsev, Vadim"]
[Result "1/2-1/2"]
[WhiteElo "2595"]
[BlackElo "2545"]

1.d4 e6 2.e4 d5 3.exd5 exd5 4.Bd3 Nc6 5.c3 Bd6 6.Qf3 Nce7 7.Ne2 c6 8.O-O h5
9.Bf4 h4 10.h3 Nh6 11.Nd2 Nhf5 12.Rfe1 f6 13.Nf1 g5 14.Bxd6 Qxd6 15.Bxf5 Bxf5
16.Neg3 Bg6 17.Nf5 Bxf5 18.Qxf5 Kf7 19.Qg4 Rad8 20.Re3 Qd7 21.Rae1 Ng6 22.Nh2 Nf4
23.Qxd7+ Rxd7 24.Ng4 a5 25.g3 hxg3 26.fxg3 Nh5 27.a4 Rc7 28.Kg2 Rd7 29.Re6 Rc8
30.Nh6+ Kg6 31.Ng4 Kf7 32.Kf3 Rh8 33.R1e2 Rf8 34.Kg2 Rh8 35.R2e3 Rf8 36.Kf3 Rh8
37.Kf2 Rf8 38.Kg2 Rh8 39.Kg1 Rf8 40.Kh2 Rh8 41.Kg2 Rf8 42.Kf2 Rh8 43.Ke1 Rc8
44.Kf2 Rh8 45.Re1 Rf8 46.Kg2 Rc8  1/2-1/2

[Event "St Petersburg op2"]
[Site "St Petersburg"]
[Date "1994.??.??"]
[Round "9"]
[White "Nadyrhanov, S."]
[Black "Zvjaginsev, Vadim"]
[Result "0-1"]
[WhiteElo "2475"]
[BlackElo "2585"]

1.e4 c5 2.Nf3 e6 3.c3 Nf6 4.e5 Nd5 5.d4 cxd4 6.cxd4 b6 7.Nc3 Bb7 8.Bd3 Nxc3
9.bxc3 Qc7 10.Bd2 d6 11.O-O Nd7 12.Ng5 dxe5 13.Qh5 g6 14.Qh3 Be7 15.Rfe1 Rf8
16.dxe5 O-O-O 17.Bf4 Nc5 18.Bc2 h6 19.Qxh6 Rh8 20.Qg7 Rh4 21.Nxf7 Rxf4 22.Nxd8 Qxd8
23.Rad1 Qf8 24.Qxf8+ Rxf8 25.Rd4 g5 26.Bd1 Kc7 27.Bg4 b5 28.Re3 Bd5 29.Rh3 Rf7
30.Be2 Bxa2 31.Bxb5 a5 32.c4 a4 33.Be8 Rg7 34.Bxa4 Nxa4 35.Rd2 Bb1 36.Rg3 Nc5
37.Rb2 Be4 38.Ra3 Rf7 39.f3 Bc6 40.Ra7+ Bb7 41.Ra3 g4 42.fxg4 Nd3  0-1

[Event "JUG-chT"]
[Site "Tivat"]
[Date "1995.??.??"]
[Round "1"]
[White "Miladinovic, Igor"]
[Black "Zvjaginsev, Vadim"]
[Result "1/2-1/2"]
[WhiteElo "2555"]
[BlackElo "2600"]

1.d4 d5 2.c4 e6 3.Nc3 c6 4.cxd5 exd5 5.Nf3 Bf5 6.g3 Be7 7.Bg2 Nd7 8.O-O h6
9.Re1 Ngf6 10.Nh4 Bh7 11.e4 dxe4 12.Nxe4 O-O 13.Nc3 Nb6 14.Bh3 Re8 15.Nf5 Bf8
16.Rxe8 Qxe8 17.Qf3 Nbd5 18.Bd2 Nxc3 19.Bxc3 Nd5 20.Bd2 Qd8 21.Ne3 Qf6 22.Qxf6 Nxf6
23.Ba5 Be4 24.Bg2  1/2-1/2

[Event "Hoogovens op"]
[Site "Wijk aan Zee"]
[Date "1995.??.??"]
[Round "2"]
[White "Zvjaginsev, Vadim"]
[Black "Van der Sterren, Paul"]
[Result "1-0"]
[WhiteElo "2585"]
[BlackElo "2560"]

1.d4 d5 2.c4 e6 3.Nc3 Nf6 4.Nf3 Be7 5.Bg5 h6 6.Bh4 O-O 7.e3 b6 8.Rc1 Bb7
9.Bxf6 Bxf6 10.cxd5 exd5 11.Bd3 c5 12.O-O cxd4 13.Nxd4 Nd7 14.Nf5 Nc5 15.Bb1 Be5
16.b4 Na6 17.Nxd5 Re8 18.e4 Bxd5 19.exd5 Nxb4 20.d6 Re6 21.d7 Na6 22.Be4 Rb8
23.Bd5 Qxd7 24.Bc4 Qc8 25.Nd4 Bxd4 26.Qxd4 Nc5 27.Bxe6 Qxe6 28.Qd2 Qf6 29.Rcd1 Re8
30.Rfe1 Rxe1+ 31.Rxe1 Ne6 32.h3 Qf5 33.Qb4 Qc2 34.a3 g6 35.Qd6 Qc3 36.Re3 Qc1+
37.Kh2 Qc8 38.f4 Qc4 39.f5 gxf5 40.Qe5 Nf8 41.Rf3 Qa4 42.Qxf5 Qe8 43.Rg3+ Ng6
44.h4  1-0

[Event "Barbera op"]
[Site "Barbera"]
[Date "1996.??.??"]
[Round "3"]
[White "Zvjaginsev, Vadim"]
[Black "Mellado Trivino, Juan"]
[Result "1-0"]
[WhiteElo "2590"]
[BlackElo "2455"]

1.e4 d5 2.exd5 Nf6 3.d4 Nxd5 4.Nf3 Bf5 5.Nh4 Be6 6.Be2 g6 7.c4 Nb6 8.d5 Bc8
9.Qd4 f6 10.Nf3 Bg7 11.Nc3 e5 12.dxe6 Bxe6 13.Qe4 Qe7 14.Qxb7 Bxc4 15.O-O c6
16.Qxe7+ Kxe7 17.Bxc4 Nxc4 18.b3 Nb6 19.Rd1 N8d7 20.Ba3+ Kf7 21.Ne4 Rhd8
22.Nd6+ Kg8 23.Nd4 f5 24.Nxc6 Bxa1 25.Nxd8 Bf6 26.Ne6 a5 27.h3 a4 28.b4 Ne5
29.b5 Rb8 30.Bc5 Nec4 31.Rc1 Nxd6 32.Bxd6 Re8 33.Nf4 g5 34.Nh5 Bb2 35.Rc6 Re1+
36.Kh2 Bd4 37.Bc5 Bxc5 38.Rxc5 Re2 39.Nf6+ Kf7 40.Rc6 Re6 41.Nxh7 Rxc6 42.bxc6 Kg6
43.Nf8+ Kf7 44.Nd7 Nd5 45.a3 Ke7 46.Nc5 Kd6 47.Nxa4 f4 48.g4 fxg3+ 49.Kxg3 Nf6
50.Nc3  1-0

[Event "Barbera op"]
[Site "Barbera"]
[Date "1996.??.??"]
[Round "6"]
[White "Rodriguez, Amador"]
[Black "Zvjaginsev, Vadim"]
[Result "1/2-1/2"]
[WhiteElo "2510"]
[BlackElo "2590"]

1.e4 c5 2.Nf3 d6 3.d4 cxd4 4.Nxd4 Nf6 5.Nc3 Bd7 6.Bg5 e6 7.Qd2 a6 8.f3 b5
9.O-O-O Be7 10.h4 Nc6 11.Kb1 Rc8 12.Nxc6 Bxc6 13.Bd3 h6 14.Be3 d5 15.e5 Nd7
16.Bd4 b4 17.Ne2 Bb5 18.f4 Bxd3 19.Qxd3 Qc7 20.g4 Qc4  1/2-1/2

[Event "Barbera op"]
[Site "Barbera"]
[Date "1996.??.??"]
[Round "7"]
[White "Gual Pascual, Antonio"]
[Black "Zvjaginsev, Vadim"]
[Result "0-1"]
[WhiteElo "2430"]
[BlackElo "2590"]

1.d4 e6 2.c4 b6 3.e4 Bb7 4.Nd2 g6 5.Ngf3 Bg7 6.Bd3 d6 7.O-O Nf6 8.Re1 O-O
9.Nf1 Nbd7 10.Ng3 c5 11.d5 exd5 12.cxd5 Ng4 13.Rb1 Nde5 14.Nxe5 Nxe5 15.Be2 Qh4
16.Be3 Bh6 17.Bxh6 Qxh6 18.b4 Rfc8 19.Qc1 Qxc1 20.Rexc1 cxb4 21.Rxc8+ Rxc8
22.f4 Nd7 23.Bg4 f5 24.Bxf5 gxf5 25.Nxf5 Rc2 26.Nxd6 Ba8 27.Rxb4 Nc5 28.Rd4 Rxa2
29.Ne8 b5 30.e5 b4  0-1